01276cam a22002651 4500001001300000003000400013005001700017008004100034010001700075035001900092040004500111042001200156050002200168082001100190100002500201245008700226260003000313300004700343410007700390500043200467650003100899650003000930650003300960999001700993gs 54000201 DLC20260227111401.0780301s1953 xx 000 0 eng c ags 54000201  a(OCoLC)3680842 aU.S. Geol. Survey. Libr.cOTdOCoLCdDLC apremarc00aQE129b.A2 no. 77 a551.491 aLusk, Tracy Wallace.00aWater levels and artesian pressures in observation wells in Mississippi 1938-1952. aUniversity, Miss.,c1953. a65 p.bmap, fold. diagrs., tables.c23 cm.20aMississippi Geological, Economic, and Topographical SurveytBulletinv77 a"Covers the cooperative ground water investigations by the Mississippi State Geological survey and the U.S. Geological Survey and the U.S. Geological Survey during 1938-1947, results of which were published by the Federal Survey as a page or so in each of their annual regional reports of a number of States ... [It] also covers the investigations by the State Geological Survey alone during 1948-1952, heretofore unpublished." 0aWater-supplyzMississippi. 0aGroundwaterzMississippi. 0aArtesian wellszMississippi. c28859d28859